000
00293nam a22000977a 4500
005
20250901165419.0
008
210325b ||||| |||| 00| 0 eng d
050
_a
HG151 .O67 1976
245
_a
The language of international finance in English
_b
money and banking
_c
OPPENHEIM, PETER K.
942
_2
lcc
999
_c
3582
_d
3582